000 00466ntaaa2200181 4500
003 01
005 20251027202337.0
008 0714s1973 ag 01
040 _aAR-BaBN
_bspa
_cAR-BaBN
_eaacr
_dRIC
082 _a296.0900 Sa5
100 _aSanders, Frank Knight
_922058
245 _aHistory of the hebrews
250 _a1 ed.
260 _aNew York :
_bCharles Scribner's Sons,
_cc1914
300 _axiii, 367 p
650 _ahebreos-historia
_910221
942 _cBK
999 _c18287
_d18287